[Event "TUR-ch U20"]
[Site "Samsun"]
[Date "2024.05.19"]
[Round "2"]
[White "Baki, Huseyin Kaan"]
[Black "Buyuk, Ecrin Efsa"]
[Result "0-1"]
[WhiteElo "1527"]
[BlackElo "1892"]
[PlyCount "88"]
[EventDate "2024.05.18"]
[EventType "swiss"]
[EventRounds "9"]
[EventCountry "TUR"]
[SourceTitle "EXT 2025"]
[Source "ChessBase"]
[SourceDate "2024.10.14"]
[SourceVersion "1"]
[SourceVersionDate "2024.10.14"]
[SourceQuality "1"]

1. e4 c6 2. d4 d5 3. Nc3 dxe4 4. Nxe4 Nf6 5. Nxf6+ exf6 6. Nf3 Bd6 7. Bd3 0-0 8. h3 Re8+ 9. Be3 Nd7 10. 0-0 Nf8 11. Qd2 Be6 12. Rfe1 Qb8 13. b3 a5 14. c3 Qc7 15. Rac1 Ng6 16. Qc2 Qd7 17. Bf1 Rac8 18. c4 Bf5 19. Qd2 Bb4 20. Qb2 Bxe1 21. Rxe1 b5 22. Qa3 Ra8 23. Qc5 b4 24. Rd1 Rec8 25. Kh2 Bc2 26. Rc1 Be4 27. Nd2 Bf5 28. g3 Nf8 29. Bg2 Bg6 30. d5 cxd5 31. Qxd5 Qe7 32. h4 Rd8 33. Qb5 Rac8 34. Qxa5 Ne6 35. c5 f5 36. Qxb4 f4 37. Bxf4 Nxc5 38. Qc3 Bf5 39. Nc4 Nd3 40. Rd1 Nxf4 41. Rxd8+ Rxd8 42. Qf3 Nxg2 43. Qxf5 Ne1 44. a4 Qb7 0-1